| 000 | 00709nam a2200241 4500 | ||
|---|---|---|---|
| 001 | 45746 | ||
| 010 | _a9789898145895 | ||
| 021 | _b445287/18 | ||
| 090 | _a45746 | ||
| 100 | _a20181226d2018 b y0pory50030103ba | ||
| 101 | 0 | _apor | |
| 102 | _aPT | ||
| 200 | 1 |
_aTelefone sem fio _ftexto e il. Yara Kono |
|
| 205 | _a1.ยช ed. | ||
| 210 | 9 |
_aCarcavelos _cPlaneta Tangerina, _d2018 |
|
| 215 |
_a[28] p. _cmuito il. _d23 cm |
||
| 675 |
_a087.5 _vBN _zpor |
||
| 675 |
_a821.134.3(81)-93"20" _vBN _zpor |
||
| 675 |
_a821.134.3(81)-34"20" _vBN _zpor |
||
| 700 | 1 |
_aKono, _bYara, _f1972- |
|
| 801 | 0 |
_aPT _bBN _gRPC |
|
| 856 | 4 | 1 | _uhttp://rnod.bnportugal.gov.pt/ImagesBN/winlibimg.aspx?skey=&doc=2009465&img=118696&save=true |
| 990 | _cLIVROS | ||